[Event "7th RTU Open 2017"]
[Site "Riga"]
[Date "2017.08.13"]
[Round "9"]
[White "Berzinsh, Roland"]
[Black "Jumabayev, Rinat"]
[Result "1/2-1/2"]
[WhiteElo "2444"]
[BlackElo "2610"]
[Annotator "TA"]
[PlyCount "129"]
[EventDate "2017.??.??"]
[EventType "swiss"]
[EventCountry "LAT"]
[SourceTitle "playchess.com"]
[Source "ChessBase"]
[SourceQuality "1"]

{[%evp 11,129,-6,0,0,23,14,26,31,45,0,0,10,18,0,0,-16,8,0,32,35,52,66,172,146,127,18,205,197,200,209,211,14,124,88,98,33,116,33,36,33,41,35,29,-106,-98,-386,495,495,495,488,491,487,480,476,465,465,476,476,471,435,491,461,464,464,445,439,494,430,600,533,456,530,499,455,517,449,450,450,450,359,450,385,509,357,497,182,182,182,196,66,79,61,358,358,358,343,343,343,343,0,343,0,343,343,340,333,312,271,264,249,235,235,235,0,235,0,235,0,235,235]} 1. d4 Nf6 2. Bf4 g6 3. Nc3 d5 4. e3 Bg7 5. h4 c6 6. Be2 {A45: Trompowsky Attack} (6. Nf3 Bg4 7. Be2 Nbd7 8. Ne5 Bxe2 9. Qxe2 h5 10. O-O-O Qa5 11. Kb1 {1-0 (44) Karjakin,S (2781)-Giri,A (2771) Stavanger 2017}) 6... h5 {LiveBook: 3 Games} 7. Nf3 Bf5 8. Ng5 $146 {White has an edge.} ({Find the theoretical novelty and annotate with similar games:} 8. Ne5 Nbd7 9. f3 Qa5 10. Qd2 Nxe5 11. Bxe5 O-O-O {½-½ (19) Birkholz,O (2068)-Winterholler,C (2044) chess24.com 2015}) 8... O-O 9. f3 c5 10. g4 Bd7 11. Qd2 Qa5 12. Rg1 Nc6 13. O-O-O c4 14. e4 dxe4 15. Bxc4 hxg4 16. fxe4 e5 (16... b5 $14 17. Bxb5 (17. Nxb5 Nh5 $14) 17... Nh5) 17. dxe5 $1 $18 Nxe5 18. Bb5 (18. Bb3 $1 $16) 18... Nh5 $2 (18... Nf3 $11 {and Black has nothing to worry.} 19. Nxf3 Bxb5) 19. Bxe5 $1 (19. Bxd7 Nxd7 20. Bd6 (20. Qxd7 Nxf4 21. Qxg4 Bxc3 $17) (20. Rxg4 $2 Bxc3 21. Qxc3 Qxc3 $19) 20... Bxc3 $15) 19... Bxe5 20. Qxd7 Rad8 21. Qe7 $2 (21. Qxg4 $18 Bxc3 22. Bc4 (22. bxc3 Rxd1+ 23. Rxd1 Qxb5 $14)) 21... Bf6 (21... Rxd1+ $11 {remains equal.} 22. Rxd1 Bxc3) 22. Qc5 {Strongly threatening Rxd8.} Rxd1+ 23. Rxd1 (23. Kxd1 $16 Bxc3 24. bxc3) 23... Bxc3 $1 $14 {[#]} 24. bxc3 $40 {[%mdl 128] White attacks.} (24. e5 $1 $16 Bb4 25. Qc4) 24... a6 $1 25. Nxf7 ({But not} 25. Nh7 Re8 $15) 25... Rxf7 26. Qc8+ Kg7 27. Bc4 (27. Be8 $11 {keeps the balance.} Re7 28. Bxg6) 27... Qxc3 $17 {...b5 is the strong threat.} 28. Rd8 $2 {[%mdl 8192] [#]} (28. Rd7 $17 Rxd7 29. Qxd7+ Kh6 30. Qd2+ Qxd2+ 31. Kxd2) 28... Rf2 $4 {[%mdl 8192]} (28... g3 $1 $19 {[%cal Rg3g2] avoids the disaster.} 29. Rg8+ Kh7) 29. Rd7+ $18 Kh6 {[%csl Gf2][%cal Rc3c2] [#]} 30. Rh7+ $1 {[%mdl 512]} Kxh7 {[%csl Gf2][%cal Rc3c2]} 31. Bg8+ Kg7 {[%cal Rf2f1]} 32. Qxc3+ Kxg8 {[%mdl 4096] Endgame KQ-KRN} 33. Qc8+ Kg7 34. Qxg4 Rf7 35. Qg5 Nf4 36. Kd2 Rd7+ 37. Ke3 Ne6 38. Qg4 Kf6 {[#]} 39. e5+ $1 Kf7 (39... Kxe5 40. Qxg6) 40. Qf3+ Ke8 41. Qf6 Nf8 42. c4 Re7 43. Ke4 Re6 44. Qh8 Re7 45. Qg8 Rc7 46. a4 {[%cal Ba2a4,Ba4a5][%mdl 32]} Rd7 47. a5 Rc7 48. Qh8 $2 (48. Kd4) 48... Rxc4+ 49. Kd5 Rc7 50. e6 (50. Qf6 $18) 50... Re7 $1 $14 51. h5 {[%cal Bh4h5,Bh5h6][%mdl 32]} Rxe6 $2 {[%mdl 8192]} (51... gxh5 $1 $14 52. Qxh5+ Kd8) 52. h6 $18 {Hoping for Qxf8+.} Re7 53. Qf6 Rd7+ 54. Kc5 Rc7+ 55. Kd5 Rd7+ 56. Kc5 Rc7+ 57. Kb4 Re7 58. Qf4 Rd7 59. Qc4 Re7 60. Qd5 Rd7 61. Qg8 {[%mdl 1024] White has strong compensation.} Rh7 62. Qd5 Rd7 $1 {[%cal Rd7d5]} 63. Qc4 Re7 64. Qf4 Rd7 $1 65. Qe5+ {Precision: White = 41%, Black = 47%.} 1/2-1/2

[Event "7th RTU Open 2017"]
[Site "Riga"]
[Date "2017.08.13"]
[Round "9"]
[White "Ochsner, Bjorn Moller"]
[Black "Ovsejevitsch, Sergei"]
[Result "1/2-1/2"]
[WhiteElo "2443"]
[BlackElo "2596"]
[Annotator "TA"]
[PlyCount "83"]
[EventDate "2017.??.??"]
[EventType "swiss"]
[EventCountry "LAT"]
[SourceTitle "playchess.com"]
[Source "ChessBase"]
[SourceQuality "1"]

{[%evp 23,83,21,25,2,4,0,16,18,20,0,0,0,0,0,0,0,0,0,0,-11,-11,-6,-8,-10,-10,-11,-5,-10,-6,-7,-7,-16,-10,-26,-26,-28,-19,-35,-7,-69,-34,-34,-34,-34,-34,-58,-38,-41,-29,-23,-23,-23,-23,-16,-33,-49,-5,-6,0,0,0,0]} 1. e4 e5 2. Nf3 Nc6 3. Bc4 Bc5 4. O-O Nf6 5. d3 d6 6. c3 a6 7. a4 Ba7 8. b4 O-O {C54: Giuoco Piano: 4 c3 Nf6, main lines with 5 d4 and 5 d3} 9. Re1 h6 10. h3 Re8 11. Nbd2 Be6 12. Bxe6 Rxe6 {LiveBook: 31 Games} 13. Nb3 (13. Qc2 Qd7 14. Nf1 d5 15. Be3 Bxe3 16. Nxe3 {1-0 (41) Anand,V (2786)-So,W (2812) Leuven 2017}) 13... Ne7 {[#]} 14. Be3 $146 ({Predecessor:} 14. Nh4 d5 15. Be3 dxe4 16. Bxa7 Rxa7 17. dxe4 Qxd1 18. Raxd1 {½-½ (41) Alekseev,E (2638)-Goryachkina,A (2452) Khanty-Mansiysk 2016}) 14... Ng6 15. Bxa7 Rxa7 16. d4 exd4 17. Qxd4 Ra8 18. e5 Nxe5 19. Nxe5 Rxe5 20. Rxe5 dxe5 21. Qxe5 Qd5 22. Qxd5 Nxd5 $11 {[%mdl 4096] Endgame KRN-KRN} 23. Rc1 b6 24. a5 Re8 25. Kf1 Re4 26. axb6 cxb6 27. Nd2 Re6 28. Ra1 Nxc3 29. Rxa6 Rd6 30. Ke1 Kh7 31. b5 ({White should play} 31. Ra7 $11) 31... Re6+ 32. Kf1 Nxb5 33. Nc4 Nd6 34. Ne3 Ne4 35. Ra7 Rf6 36. f3 Nc5 37. Rc7 Re6 38. Nd5 Nd3 {[%csl Gd3][%cal Re6e1] [#]} 39. Kg1 f5 40. Rb7 {The position is equal.} Re5 41. Nxb6 Rb5 {Strongly threatening ...Nb4.} 42. Rd7 {Precision: White = 71%, Black = 58%.} 1/2-1/2

[Event "7th RTU Open 2017"]
[Site "Riga"]
[Date "2017.08.13"]
[Round "9"]
[White "Das, Sayantan"]
[Black "Tregubov, Pavel V"]
[Result "0-1"]
[WhiteElo "2436"]
[BlackElo "2593"]
[Annotator "TA"]
[PlyCount "100"]
[EventDate "2017.??.??"]
[EventType "swiss"]
[EventCountry "LAT"]
[SourceTitle "playchess.com"]
[Source "ChessBase"]
[SourceQuality "1"]

{[%evp 16,100,19,0,1,-8,0,0,0,-14,18,15,23,-2,31,27,53,62,56,48,56,48,49,43,67,58,50,12,18,0,0,-62,-51,-94,-79,-79,-72,-82,-57,-50,0,-79,-68,-73,0,-18,-16,-85,-81,-93,-88,-70,-81,-89,-82,-81,-88,-80,-78,-118,-109,-223,-231,-208,-228,-219,-217,-205,-215,-253,-241,-261,-248,-356,-326,-320,-319,-380,-374,-408,-404,-383,-383,-1052,-974,-29997,-29998]} 1. e4 e5 2. Nf3 Nf6 3. Nxe5 d6 4. Nf3 Nxe4 5. Nc3 Nxc3 6. dxc3 Be7 7. Be3 Nd7 8. Bd3 {C42: Petroff Defence: 3 Nxe5 and unusual White 3rd moves} O-O 9. Qe2 {LiveBook: 5 Games} Nf6 (9... Re8 10. O-O-O Bf6 11. h4 Nf8 12. Ng5 d5 13. Qh5 g6 14. Qf3 h5 15. Qg3 Bg4 {½-½ (66) Anand,V (2783)-So,W (2810) Leon 2017}) 10. O-O-O {The position is equal.} Re8 11. h3 Bd7 12. g4 Bc6 13. c4 $146 ({Find the theoretical novelty and annotate with similar games:} 13. Rhg1 Nd5 14. Kb1 Bf6 15. Nd4 Bxd4 16. cxd4 Nxe3 17. fxe3 {1-0 (30) Dorin,M-Levstein,F Buenos Aires 1976}) 13... Nd7 14. Rhg1 Rb8 15. g5 Bxf3 16. Qxf3 Ne5 17. Qe4 Nxd3+ 18. Qxd3 Qd7 19. Kb1 a6 20. h4 b5 21. c5 Qc6 22. g6 fxg6 23. Qb3+ ({White should try} 23. cxd6 $11 Bxd6 24. Qb3+ Qc4 25. Qxc4+ bxc4 26. Rg4) 23... Kh8 24. cxd6 Bxd6 25. h5 gxh5 26. Qf7 {[%csl Gg1][%cal Rf7g7] [#]} Re7 27. Qxh5 Rf8 28. Rd5 (28. Rh1 $11 Qe4 29. Rdg1) 28... Qe8 29. Qh1 Qc6 (29... g6 $17) 30. Bd4 Rfe8 $1 31. Be3 (31. a4 $11 {remains equal.} Qa8 32. axb5 axb5 33. Rxb5) 31... Be5 $17 32. a3 Bf6 33. Rgd1 Qc4 34. Qh3 Qh4 35. Qf3 Qe4 36. Qh3 b4 $40 {[%mdl 128] Black has strong attack.} 37. Bc5 Re5 38. Qb3 (38. Rxe5 $17 Qxe5 39. Bd4) 38... Rxd5 $19 39. Rxd5 bxa3 40. Bxa3 Qe1+ 41. Ka2 Qxf2 42. Qc4 Qb6 43. Qd3 Qe6 {White must now prevent ...c6.} 44. c4 (44. b3 {was necessary.}) 44... Qe4 45. Qb3 h6 46. Qa4 Re6 47. Rc5 Qd3 48. Rxc7 Re1 {Threatens to win with ...Qb1+.} 49. Rc8+ $2 (49. Qb4 Rf1 50. Rb7) 49... Kh7 50. Qc6 {[#]} Ra1+ $1 {[%mdl 512] Precision: White = 29%, Black = 65%.} 0-1

[Event "7th RTU Open 2017"]
[Site "Riga"]
[Date "2017.08.13"]
[Round "9"]
[White "Gholami, Aryan"]
[Black "Lei, Tingjie"]
[Result "1/2-1/2"]
[WhiteElo "2434"]
[BlackElo "2514"]
[Annotator "TA"]
[PlyCount "181"]
[EventDate "2017.??.??"]
[EventType "swiss"]
[EventCountry "LAT"]
[SourceTitle "playchess.com"]
[Source "ChessBase"]
[SourceQuality "1"]

{[%evp 22,181,31,0,6,-6,-8,-15,-14,-10,-3,-12,-12,-19,-12,-12,0,-1,0,0,0,-17,0,0,5,0,7,20,85,85,85,85,85,83,103,102,102,110,105,80,115,115,115,81,81,81,81,57,58,58,58,58,58,58,58,51,58,51,51,51,51,51,51,51,51,51,51,51,51,15,15,10,10,10,10,2,2,0,10,10,64,64,64,0,64,51,51,51,51,51,51,51,51,51,51,51,51,0,51,51,51,51,54,51,51,51,51,0,0,0,51,51,51,0,0,0,0,0,0,0,5,5,5,5,5,5,5,5,5,5,5,5,5,5,5,4,4,4,6,6,289,0,0,0,0,0,0,0,0,0,0,0,0,0,0,0,0,0,0,0,0,0]} 1. e4 c5 2. Nf3 Nc6 3. d4 cxd4 4. Nxd4 Nf6 5. Nc3 e5 6. Ndb5 d6 7. Bg5 a6 8. Na3 b5 9. Nd5 Be7 10. Bxf6 Bxf6 11. c3 Bg5 12. g3 {LiveBook: 6 Games. B33: Sicilian: Pelikan and Sveshnikov Variations} (12. h4 $5 {[%cal Rh4g5]} Bh6 13. Nc2 $11) (12. Nc2 Ne7 13. Ncb4 O-O 14. h4 Bh6 15. Bd3 Nxd5 16. Nxd5 Be6 17. Bc2 Rb8 18. Qd3 a5 19. a3 Kh8 20. Rd1 Bg4 21. f3 {½-½ (32) Bologan,V (2640)-Zhigalko,S (2639) Poikovsky 2017}) 12... Be6 13. Bg2 Ne7 14. h4 Bh6 15. Nxe7 Qxe7 16. O-O $146 ({Find the theoretical novelty and annotate with similar games:} 16. Nc2 a5 17. Na3 b4 18. Qa4+ Qd7 19. Nb5 O-O {0-1 (70) Rajput,G (1432)-Aasha,C (1772) Chennai 2016}) 16... O-O 17. Nc2 a5 18. Re1 Rfb8 19. Ne3 Bxe3 20. Rxe3 b4 21. Qd2 Ra6 22. Bf1 Rc6 23. cxb4 axb4 24. a4 {[%cal Ba2a4,Ba4b5][%mdl 32]} Qc7 (24... Rc5 $11 {keeps the balance.}) 25. Bb5 $36 {[%mdl 2048] White has strong initiative.} Rc5 26. Qxb4 Bd7 {[%cal Rd7b5]} 27. Rc3 Bxb5 28. axb5 Qb6 29. Rxc5 dxc5 {[%mdl 4096] Endgame KQR-KQR} 30. Qc3 h6 31. Qxe5 Qxb5 32. Rc1 Re8 33. Qxc5 Qxb2 34. Qc4 Qe5 35. Re1 g5 36. hxg5 hxg5 37. Kg2 Kg7 38. Qe2 Qe6 39. Qh5 (39. Qd2 {keeps more tension.} Kg6 40. Qc2 Rc8 41. Qe2 Re8 42. Qd1) 39... Qg6 40. Qxg6+ (40. Qf3 {looks sharper.} Qc6 41. Kg1 f6 42. Qd3 Re7 43. Kg2) 40... Kxg6 $14 {KR-KR} 41. Kf3 Ra8 42. Rd1 Ra3+ 43. Kg4 {[#] Black must now prevent Rd6+.} Ra4 44. Rd6+ f6 45. Re6 Rb4 46. f3 Ra4 47. Rb6 Rc4 48. Kh3 Rc3 49. Kg4 {[#] Hoping for e5.} Rc4 $1 50. Rb5 Ra4 51. Rf5 Rb4 52. Kh3 (52. Ra5 $14) 52... Ra4 (52... Rb3 $11) 53. g4 Ra3 54. Kg3 Ra4 55. Rd5 Ra2 56. Rd3 Re2 57. Rd1 Kf7 58. Rf1 Ke6 59. Rf2 (59. Ra1 $14) 59... Re1 (59... Rxf2 $1 $11 60. Kxf2 Kd6) 60. Rd2 Ra1 61. Kf2 Ra3 62. Ke2 Ra5 63. Ke3 Ke5 64. Rd8 ({White should play} 64. Rd3 $14) 64... Ra3+ $1 $11 65. Rd3 Ra5 (65... Rxd3+ $11 66. Kxd3 Kf4) 66. Rb3 $14 Rc5 67. Kd3 ({White should try} 67. Rb6 $14) 67... Kf4 $11 68. Kd4 Ra5 69. Rc3 Rb5 70. Ra3 Rb6 71. Kd5 Rb5+ 72. Ke6 Rb6+ 73. Ke7 Rc6 74. Rb3 Ra6 75. Kd7 Ra7+ 76. Ke6 Ra6+ 77. Kf7 Rc6 78. Kg6 f5+ 79. Kh5 fxe4 80. fxe4 {White wants to play e5!} Rc8 $2 {[%mdl 8192]} (80... Rc5 $1 $11) 81. Rb5 $2 ({Better is} 81. e5 $18) 81... Rh8+ $1 {The position is equal.} 82. Kg6 Kxg4 83. e5 Kf4 84. e6 g4 85. e7 Re8 86. Kf7 Rxe7+ 87. Kxe7 g3 88. Kf6 g2 89. Rg5 Kf3 90. Rxg2 Kxg2 91. Ke5 {Precision: White = 49%, Black = 68%.} 1/2-1/2

[Event "7th RTU Open 2017"]
[Site "Riga"]
[Date "2017.08.13"]
[Round "9"]
[White "Fruebing, Stefan"]
[Black "Shirov, Alexei"]
[Result "0-1"]
[WhiteElo "2417"]
[BlackElo "2648"]
[Annotator "TA"]
[PlyCount "62"]
[EventDate "2017.??.??"]
[EventType "swiss"]
[EventCountry "LAT"]
[SourceTitle "playchess.com"]
[Source "ChessBase"]
[SourceQuality "1"]

{[%evp 18,62,71,23,35,16,12,6,14,5,0,-40,-40,-40,-25,-79,-83,-81,-61,-81,-71,-93,-87,-108,-97,-97,-106,-115,-100,-150,-145,-146,-124,-304,-324,-326,-331,-329,-313,-535,-518,-543,-541,-537,-536,-790,-778]} 1. e4 g6 2. d4 Bg7 3. Nc3 c6 4. Nf3 d6 5. h3 Nf6 6. a4 O-O 7. Be2 Nbd7 8. Be3 e5 9. dxe5 dxe5 10. Nd2 {[%cal Bf3d2,Bd2c4,Bc4d6][%mdl 32] LiveBook: 37 Games. B08: Pirc Defence: Classical System} Ne8 {[%cal Bf6e8,Be8c7,Bc7e6,Be6d4][%mdl 32]} (10... Qe7 11. Nc4 Ne8 12. O-O Nc5 13. Nd6 Ne6 14. Nxc8 Rxc8 15. Bxa7 Rd8 16. Qc1 Nd6 17. Re1 f5 18. exf5 gxf5 19. Bf1 e4 {0-1 (68) Griffith,K (2319)-Zherebukh,Y (2642) New York 2017}) 11. Nc4 {Black should prevent Bc5.} Nc7 12. Nd6 {The position is equal.} Ne6 13. Bc4 Nd4 14. a5 $146 ({Find the theoretical novelty and annotate with similar games:} 14. Nxc8 Rxc8 15. Ne2 Nb6 16. Bd3 c5 17. c3 Nb3 {0-1 (42) Guido,F (2323)-Dzhumaev,M (2509) Genova 2006}) 14... b5 15. Nxc8 Rxc8 16. Ba2 (16. Bd3 $11) 16... Nc5 $36 {[%mdl 2048] Keeping White busy.} 17. O-O b4 18. Nb1 Nxe4 19. c3 bxc3 20. bxc3 {[#]} Nb5 $1 21. Qc2 Ned6 22. Bc5 e4 23. Rd1 Qf6 24. Na3 Rfd8 ({Don't play} 24... Qxc3 $6 25. Qxc3 Bxc3 26. Nxb5 $15) 25. c4 $2 {[#]} (25. Rac1 $17) 25... Nxa3 $1 $19 26. Bxa3 e3 27. fxe3 Qg5 28. Qf2 $2 (28. Bb2 {was called for.} Qxe3+ 29. Kh2) 28... Ne4 {Black is clearly winning.} 29. Qf3 Bxa1 30. Rxa1 Rd3 31. Bc1 Rcd8 {Precision: White = 42%, Black = 88%.} 0-1

[Event "7th RTU Open 2017"]
[Site "Riga"]
[Date "2017.08.13"]
[Round "9"]
[White "Krupenski, Juri"]
[Black "Kvon, Andrey"]
[Result "1/2-1/2"]
[WhiteElo "2413"]
[BlackElo "2500"]
[Annotator "TA"]
[PlyCount "77"]
[EventDate "2017.??.??"]
[EventType "swiss"]
[EventCountry "LAT"]
[SourceTitle "playchess.com"]
[Source "ChessBase"]
[SourceQuality "1"]

{[%evp 21,77,12,23,15,13,-5,0,0,11,12,12,10,10,10,19,19,19,18,23,10,30,30,86,27,21,22,29,28,38,14,56,47,62,74,128,0,0,0,75,62,122,114,149,81,60,39,193,0,0,0,0,0,0,0,0,0,0,0]} 1. d4 Nf6 2. c4 e6 3. g3 Bb4+ 4. Bd2 Bxd2+ 5. Qxd2 d5 6. Qc2 O-O 7. Bg2 c6 8. Nf3 Nbd7 9. Nbd2 b6 10. O-O Bb7 {E11: Bogo-Indian} 11. b4 (11. Rfd1 Qe7 12. Rac1 Rfd8 13. a3 a5 14. e3 Rac8 15. cxd5 cxd5 {1-0 (95) Istratescu,A (2596)-Shengelia,D (2574) Aschach 2016}) 11... Qe7 {LiveBook: 3 Games} 12. Qb2 a5 $146 ({Predecessor:} 12... Rab8 13. Rfc1 Rfc8 14. e3 h6 15. c5 a5 16. a3 axb4 17. axb4 bxc5 18. bxc5 {½-½ (34) Grigorov,G (2495)-Zysk,R (2404) Porto Rio 2015}) 13. b5 cxb5 14. cxb5 Rfc8 15. a3 Ne8 16. Rfc1 Nd6 17. e3 Qe8 18. a4 Rxc1+ 19. Rxc1 Rc8 20. Ne5 Nf8 (20... f6 $5 {[%cal Rf6e5]} 21. Rxc8 Qxc8 $14) 21. Qa3 f6 {[#]} (21... Rxc1+ $11 {remains equal.} 22. Qxc1 Qc8 23. Qxc8 Bxc8) 22. Rxc8 (22. Nc6 $1 $16 Qd7 23. e4) 22... Nxc8 $11 23. Nd3 Qe7 24. Qc3 Nd6 25. f3 Kf7 26. e4 $36 {[%mdl 2048] White is more active.} Ng6 27. e5 fxe5 (27... Nc4 $142) 28. Nxe5+ ({White has to play} 28. dxe5 $16 Nf5 29. Bh3) 28... Nxe5 29. dxe5 Nf5 {[#]} (29... Nc4 $11) 30. Bh3 $1 $16 g6 (30... d4 $14 31. Qd3 Qb4) 31. Bxf5 $1 exf5 32. Nb3 (32. f4 $142) 32... d4 33. Qc4+ Kg7 $2 ({Better is} 33... Ke8 $1 $14) 34. f4 $2 ({Worse is} 34. Nxd4 Qxe5 35. Qc3 Kf7 $11) (34. Qxd4 $18 Qb4 35. Qd7+ (35. Qxb6 Qe1+ 36. Kg2 Qe2+ 37. Kg1 Qe1+ 38. Kg2 Qe2+ 39. Kg1 Qe1+ $11) 35... Kh6 36. Nd4 (36. Qxb7 Qe1+ 37. Kg2 Qe2+ 38. Kg1 Qe1+ 39. Kg2 Qe2+ 40. Kg1 Qe1+ $11) 36... Qxa4 37. e6 Qa1+ 38. Kf2) 34... Qa3 $1 $11 {The position is equal.} 35. Qxd4 {aiming for Nd2.} Qxb3 36. Qd7+ Kh6 {( -> ...Qe3+)} ({Don't go for} 36... Qf7 $2 37. e6 $18) 37. Qxb7 Qd1+ 38. Kg2 Qe2+ 39. Kg1 {Precision: White = 54%, Black = 35%.} 1/2-1/2

[Event "7th RTU Open 2017"]
[Site "Riga"]
[Date "2017.08.13"]
[Round "9"]
[White "Laurusas, Tomas"]
[Black "Kunin, Vitaly"]
[Result "1-0"]
[WhiteElo "2409"]
[BlackElo "2551"]
[Annotator "TA"]
[PlyCount "51"]
[EventDate "2017.??.??"]
[EventType "swiss"]
[EventCountry "LAT"]
[SourceTitle "playchess.com"]
[Source "ChessBase"]
[SourceQuality "1"]

{[%evp 15,51,16,26,14,13,-6,29,29,25,26,24,30,157,159,212,212,315,273,295,285,283,275,275,283,285,268,341,349,444,464,479,462,684,681,661,506,702,542]} 1. d4 Nf6 2. Nf3 e6 3. c4 b6 4. g3 Ba6 5. b3 Bb7 6. Bg2 Bb4+ 7. Bd2 a5 8. O-O O-O {LiveBook: 713 Games. E15: Queen's Indian: 4 g3 sidelines, 4 g3 Ba6 and 4 g3 Bb7 early deviations} 9. Qc1 (9. Bc3 d5 10. Bb2 a4 11. a3 Bd6 12. cxd5 exd5 13. b4 Re8 14. Nc3 Qd7 15. Rc1 Ne4 16. Ne5 Nxc3 17. Rxc3 Qb5 {1-0 (26) Ding,L (2766)-Mamedyarov,S (2747) Huaian 2016}) 9... Re8 $146 ({Predecessor:} 9... h6 10. Bf4 a4 11. Nc3 axb3 12. axb3 Rxa1 13. Qxa1 Be7 14. d5 exd5 15. Nd4 Nc6 16. Nf5 {1-0 (31) Lev,R (2460)-Psakhis,L (2560) Herzliya 1998}) 10. Bf4 Bf8 {The position is equal.} 11. Nc3 Na6 12. Rd1 d5 13. Ne5 Qe7 {[#]} (13... Ne4 $11) 14. Bg5 $1 $36 {[%mdl 2048] White is on the roll.} h6 {[#]} (14... c6 $16 {might work better.} 15. Qf4 Qd8) 15. cxd5 $1 $18 exd5 (15... Rab8 $142) 16. Bxf6 gxf6 17. Bxd5 Bxd5 18. Nxd5 Qd6 19. Ng4 $1 {[%csl LRf6,LRh6][%cal Be5g4,Bg4e3,Be3f5,Bf5g7][%mdl 32]} Bg7 20. Nge3 b5 21. Qc2 Rac8 22. Qf5 {White is clearly winning.} Qe6 23. Qh5 c6 (23... f5 $142 24. Nxf5 Bf8) 24. Nf5 Kh7 25. Nde7 Rcd8 26. Nxg7 {Precision: White = 78%, Black = 27%.} 1-0

[Event "7th RTU Open 2017"]
[Site "Riga"]
[Date "2017.08.13"]
[Round "9"]
[White "Percivaldi, Martin"]
[Black "Brunello, Sabino"]
[Result "1/2-1/2"]
[WhiteElo "2407"]
[BlackElo "2566"]
[Annotator "TA"]
[PlyCount "74"]
[EventDate "2017.??.??"]
[EventType "swiss"]
[EventCountry "LAT"]
[SourceTitle "playchess.com"]
[Source "ChessBase"]
[SourceQuality "1"]

{[%evp 15,74,8,14,4,31,21,31,30,39,16,22,10,96,52,37,33,31,42,52,51,58,15,17,23,43,38,58,47,91,91,98,91,98,91,91,83,83,83,83,83,87,83,144,151,151,138,173,174,168,129,134,117,120,120,116,115,123,80,80,80,80]} 1. d4 Nf6 2. c4 e6 3. Nf3 Bb4+ 4. Bd2 a5 5. g3 b6 6. Bg2 Bb7 7. Nc3 O-O 8. O-O d6 9. d5 {E16: Queen's Indian: 4 g3 Bb7 5 Bg2 Bb4+} e5 (9... Bxc3 $5 10. Bxc3 Ne4 $11) 10. Qc2 $146 ({Predecessor:} 10. Nh4 Nbd7 11. b3 Nc5 12. a3 Bxc3 13. Bxc3 a4 14. b4 Nb3 15. Ra2 Re8 16. b5 Bc8 {1-0 (44) Wallace,J (2355)-Bachmann,A (2645) Douglas 2016}) 10... Nbd7 11. b3 {[%cal Bb2b3,Bb3b4][%mdl 32] White is slightly better.} Nc5 12. a3 Bxc3 $1 13. Bxc3 Qc8 (13... b5 $11) 14. Nd2 c6 {[%cal Rc6d5]} 15. b4 Ncd7 {[%cal Rc6d5]} 16. e4 Qc7 17. Rfc1 Rfc8 18. Qb2 (18. b5 {keeps more tension.} cxd5 19. cxd5 Qd8 20. a4 Rc5 21. Nf1) 18... axb4 19. axb4 {[%cal Ba3b4,Bb4b5][%mdl 32]} Rxa1 20. Qxa1 ({Reject} 20. Rxa1 cxd5 21. exd5 b5 $15) 20... Ra8 21. Qb2 c5 {[#]} 22. b5 $1 Qd8 23. Ra1 Ne8 24. Bh3 Nf8 25. Rxa8 Qxa8 26. Qa1 Qb8 27. Nf1 Nf6 28. f3 (28. Bg2 {looks sharper.} Bc8 29. f4 Ng6 30. f5 Nf8 31. Bf3) 28... Qa8 (28... Bc8 $142 29. Bg2 Ng6) 29. Qxa8 $16 Bxa8 30. Ne3 {[#] Threatens to win with Nf5.} g6 31. Bc8 Kg7 32. Bd2 Ng8 33. Nd1 Ne7 {White is better.} 34. Bh3 Bb7 35. Nb2 Bc8 36. Bxc8 Nxc8 37. Kf2 Nd7 {Precision: White = 54%, Black = 48%.} 1/2-1/2